000 00340nam a2200145 i 4500
001 bg
100 1 _aHUSORSKI, Roman
245 0 _aTechniki plastyczne w architekturze /
_cRoman Husorski.
250 _aWyd.2.
260 _aKraków,
_c1977.
040 _cBPK
041 _apol
942 _cKS
008 s pl f |000 0 pol
999 _c17507
_d17507
856 _uhttp://koha.tu.koszalin.pl/cgi-bin/koha/opac-detail.pl?biblionumber=17507
_yKatalog online BPK